Ethics, intercultural communication and globalisation
Globalizácia a kultúrna prerpojenosť. Kultúrne hodnoty a presvedčenia a rozhodnutia v správaní v interkultúrnom stretnutí. Obozretná, kultúrna a etická interkultúrna komunikácia.
Gespeichert in:
| 1. Verfasser: | |
|---|---|
| Format: | Buchkapitel |
| Sprache: | Englisch |
| Schlagworte: | |
| Tags: |
Keine Tags, Fügen Sie das erste Tag hinzu!
|
MARC
| LEADER | 00000naa$a2200000$$$4500 | ||
|---|---|---|---|
| 001 | 0195816 | ||
| 005 | 20240502083457.6 | ||
| 041 | 0 | |a eng | |
| 044 | |a HU | ||
| 245 | 1 | 0 | |a Ethics, intercultural communication and globalisation |c Ildikó Némethová |
| 520 | |a Globalizácia a kultúrna prerpojenosť. Kultúrne hodnoty a presvedčenia a rozhodnutia v správaní v interkultúrnom stretnutí. Obozretná, kultúrna a etická interkultúrna komunikácia. | ||
| 610 | 2 | 0 | |a globalizácia |
| 610 | 2 | 0 | |a komunikácia interkultúrna |
| 610 | 2 | 0 | |a kultúra |
| 610 | 2 | 0 | |a etika |
| 610 | 2 | 0 | |a inteligencia |
| 100 | 1 | |a Némethová, Ildikó, 1974- | |